| 000 | 00739nam a2200205Ii 4500 | ||
|---|---|---|---|
| 003 | JO-AjNU | ||
| 008 | 230605s9999||||xx |||||||||||||| ||und|| | ||
| 040 |
_aJO-AjNU _bara _erda _cJO-AjNU |
||
| 041 | _aara | ||
| 050 | 1 | 4 | _aKMM97.M6522.2001 |
| 100 | 3 |
_aاعداد المومني ، أيمن محمد أحمد , _eauthor _924959 |
|
| 245 | 0 | 0 | _aالتأمين والقضاء في قرارات محكمة التمييز |
| 250 | _aط1 | ||
| 264 | 3 | 1 | _aعمان : الدار العلمية الدولية ودار الثقافة ، 2001 |
| 300 | _a543ص | ||
| 336 |
_atext _btxt _2rdacontent |
||
| 337 |
_aunmediated _bn _2rdamedia |
||
| 338 |
_avolume _bnc _2rdacarrier |
||
| 650 | 4 |
_aالتامين -- قوانين وانظمة _924960 |
|
| 999 |
_aA9272 _c12840 _d12840 |
||